| 000 | 00542 a2200217 4500 | ||
|---|---|---|---|
| 005 | 20260406151425.0 | ||
| 008 | 260406b |||||||| |||| 00| 0 eng d | ||
| 020 |
_a9789357052450 _cRs. 1430.00 |
||
| 040 | _aMAIN | ||
| 082 |
_a620.11 _bK127M(8) |
||
| 100 | _aKalpakjian, Serope | ||
| 245 | _aManufacturing Engineering & Technology | ||
| 250 | _a8th | ||
| 260 |
_bPearson _aNoida _c2025 |
||
| 300 | _a1312 | ||
| 650 | _aTechonology | ||
| 650 | _aManufacturing | ||
| 650 | _aEngineering | ||
| 700 | _aSchmid, Steven R | ||
| 942 | _cBK | ||
| 999 |
_c397097 _d397097 |
||